Cadăng

Gorde:
Xehetasun bibliografikoak
Egile nagusia: J. O. Curwood
Formatua: Liburua
Hizkuntza:Undetermined
Argitaratua: Thanh Niên 2001
Etiketak: Etiketa erantsi
Etiketarik gabe, Izan zaitez lehena erregistro honi etiketa jartzen!
Thư viện lưu trữ: Trung tâm Học liệu Trường Đại học Cần Thơ
LEADER 00377nam a2200145Ia 4500
001 CTU_49014
008 210402s9999 xx 000 0 und d
082 |a 813.5 
082 |b C982 
100 |a J. O. Curwood 
245 0 |a Cadăng 
245 0 |c J. O. Curwood, Hoàng Lâm 
260 |b Thanh Niên 
260 |c 2001 
980 |a Trung tâm Học liệu Trường Đại học Cần Thơ